[Event "Heraklion op 17th"]
[Site "Heraklion"]
[Date "2016.05.03"]
[Round "2"]
[White "Stamou, Nikolaos"]
[Black "Anagnostopoulos, Konstantinos"]
[Result "0-1"]
[WhiteElo "1493"]
[BlackElo "2185"]
[PlyCount "48"]
[EventDate "2016.05.02"]
[EventType "swiss"]
[EventRounds "9"]
[EventCountry "GRE"]
[SourceTitle "CBM 172 Extra"]
[Source "ChessBase"]
[SourceDate "2016.06.21"]
[SourceVersion "1"]
[SourceVersionDate "2016.06.21"]
[SourceQuality "1"]

1. d4 e5 2. c3 e4 3. Bf4 d5 4. e3 h5 5. h4 Nf6 6. Nd2 Bd6 7. Bxd6 Qxd6 8. Qb3 a5 9. c4 c6 10. cxd5 cxd5 11. Bb5+ Nc6 12. Ne2 0-0 13. Bxc6 bxc6 14. Rc1 Ba6 15. Nf4 Rab8 16. Qc3 a4 17. Nf1 Bc4 18. Ng3 g6 19. Nfe2 Qe7 20. 0-0 Ng4 21. f3 exf3 22. Rxf3 Qxh4 23. Rc2 Qh2+ 24. Kf1 h4 0-1